[Event "Kragero op"]
[Site "Kragero"]
[Date "2024.02.21"]
[Round "1"]
[White "Ohanyan, Emin"]
[Black "Adamovics, Aleksejs"]
[Result "1-0"]
[WhiteElo "2468"]
[BlackElo "2100"]
[PlyCount "93"]
[EventDate "2024.02.21"]
[EventType "swiss"]
[EventRounds "9"]
[EventCountry "NOR"]
[SourceTitle "CB09_2024"]
[SourceDate "2024.02.28"]
[SourceVersion "1"]
[SourceVersionDate "2024.02.28"]
[SourceQuality "1"]

1. d4 d5 2. c4 e6 3. Nf3 Nf6 4. Nc3 a6 5. c5 b6 6. cxb6 cxb6 7. Bf4 Bd6 8. e3 Bxf4 9. exf4 0-0 10. Bd3 Bb7 11. 0-0 Nc6 12. Rc1 b5 13. Ne5 Ne7 14. Ne2 Ne4 15. Bb1 a5 16. Qc2 g6 17. Qc7 Ba6 18. Qxd8 Raxd8 19. Rc7 Rfe8 20. Bd3 Nd2 21. Rfc1 Nc4 22. b3 Nb2 23. Bb1 b4 24. Kf1 Rc8 25. Ke1 a4 26. R1c5 Rxc7 27. Rxc7 Nf5 28. g4 Ne7 29. Kd2 f6 30. Nd7 Kf7 31. Nc5 Bxe2 32. Kxe2 Rc8 33. Ra7 a3 34. Kd2 e5 35. Na6 exd4 36. Nxb4 Ke6 37. Rxa3 Rc3 38. Ra6+ Kd7 39. Ra7+ Kd6 40. Rxe7 Kxe7 41. Nxd5+ Kd6 42. Nxc3 dxc3+ 43. Ke2 Kc5 44. h4 Kd4 45. f5 gxf5 46. Bxf5 h6 47. f4 1-0

[Event "Riga Tech Rapid op"]
[Site "Riga"]
[Date "2023.08.06"]
[Round "6"]
[White "Adamovics, Aleksejs"]
[Black "Chocenka, Dmitrijus"]
[Result "1-0"]
[WhiteElo "2024"]
[BlackElo "2351"]
[PlyCount "77"]
[EventDate "2023.08.06"]
[EventType "swiss (rapid)"]
[EventRounds "9"]
[EventCountry "LAT"]
[SourceTitle "CBM 215 Extra"]
[Source "ChessBase"]
[SourceDate "2023.09.30"]
[SourceVersion "1"]
[SourceVersionDate "2023.09.30"]
[SourceQuality "1"]

1. d4 Nf6 2. c4 g6 3. Nc3 Bg7 4. e4 d6 5. f3 0-0 6. Be3 Nc6 7. Nge2 Re8 8. Qd2 a6 9. Rc1 Bd7 10. g3 b5 11. c5 dxc5 12. dxc5 Ne5 13. Nd4 b4 14. Nb1 Bb5 15. Be2 Qc8 16. 0-0 Rd8 17. Qe1 Nd3 18. Bxd3 Bxd3 19. Rf2 Nxe4 20. fxe4 Bxd4 21. Bxd4 Rxd4 22. Qe3 e5 23. Nd2 Qd7 24. Nb3 Rxe4 25. Qf3 Rc4 26. Qxa8+ Kg7 27. Rxc4 Bxc4 28. Nd2 Bb5 29. Qe4 f6 30. Qxb4 Bc6 31. Qc3 Qd5 32. Qf3 Qe6 33. Qe3 Qxa2 34. Qb3 Qa1+ 35. Nf1 Qb1 36. Qe6 Qe4 37. Qxf6+ Kh6 38. Qh4+ Kg7 39. Qxe4 1-0

[Event "Riga Tech Rapid op"]
[Site "Riga"]
[Date "2023.08.06"]
[Round "8"]
[White "Adamovics, Aleksejs"]
[Black "Loy, Konstantin"]
[Result "0-1"]
[WhiteElo "2024"]
[BlackElo "2230"]
[PlyCount "88"]
[EventDate "2023.08.06"]
[EventType "swiss (rapid)"]
[EventRounds "9"]
[EventCountry "LAT"]
[SourceTitle "CBM 215 Extra"]
[Source "ChessBase"]
[SourceDate "2023.09.30"]
[SourceVersion "1"]
[SourceVersionDate "2023.09.30"]
[SourceQuality "1"]

1. d4 Nf6 2. c4 c5 3. d5 b5 4. cxb5 a6 5. bxa6 g6 6. Nc3 Bg7 7. e4 0-0 8. e5 Ne8 9. h4 Bxe5 10. Nf3 Bg7 11. h5 Bxa6 12. Bxa6 Rxa6 13. Qd3 Nf6 14. Be3 Qa5 15. 0-0 Nxh5 16. Nd2 d6 17. Nc4 Qc7 18. f4 Qb7 19. Bd2 Nd7 20. Rae1 Nb6 21. Nxb6 Rxb6 22. b3 Qd7 23. Qf3 e6 24. dxe6 fxe6 25. Ne4 Nf6 26. Ng5 d5 27. Bc3 h6 28. Bxf6 Bxf6 29. Nh3 Bg7 30. Qd3 Qf7 31. g3 Qf5 32. Qxf5 exf5 33. Kg2 c4 34. bxc4 dxc4 35. Re2 c3 36. Ng1 Rb2 37. Rc1 Ra8 38. Kf3 Raxa2 39. Re8+ Kf7 40. Rc8 Rd2 41. R8xc3 Bxc3 42. Rxc3 Ra7 43. Nh3 Rda2 44. Rc6 R7a3+ 0-1

[Event "Kragero op"]
[Site "Kragero"]
[Date "2023.02.26"]
[Round "9"]
[White "Melaa, Sondre Lillestol"]
[Black "Adamovics, Aleksejs"]
[Result "1-0"]
[WhiteElo "2249"]
[BlackElo "2033"]
[PlyCount "131"]
[EventDate "2023.02.22"]
[EventType "swiss"]
[EventRounds "9"]
[EventCountry "NOR"]
[SourceTitle "CBM 212 Extra"]
[Source "ChessBase"]
[SourceDate "2023.03.31"]
[SourceVersion "1"]
[SourceVersionDate "2023.03.31"]
[SourceQuality "1"]

1. d4 d5 2. Bf4 Nf6 3. e3 c5 4. Nf3 Nc6 5. Nbd2 Qb6 6. dxc5 Qxb2 7. Rb1 Qc3 8. Bb5 Qxc5 9. c4 e6 10. 0-0 Be7 11. cxd5 Qxd5 12. Qa4 0-0 13. e4 Qh5 14. Bg5 e5 15. Bc4 h6 16. Bxf6 Bxf6 17. Bd5 Qg6 18. Kh1 Rd8 19. Rfd1 Be6 20. Bxe6 fxe6 21. Rxb7 Nd4 22. Rdb1 a5 23. h3 Kh7 24. Rc7 Rdb8 25. Rcc1 Ne2 26. Rxb8 Rxb8 27. Re1 Nf4 28. Rg1 Ne2 29. Rb1 Nf4 30. Ne1 Rxb1 31. Nxb1 Be7 32. a3 Bc5 33. Qc2 Bd4 34. Kh2 Qg5 35. g3 Nh5 36. Nf3 Qd8 37. Kg2 Nf6 38. Nbd2 Qd6 39. Qd3 a4 40. Nxd4 Qxd4 41. Qxd4 exd4 42. f4 Kg6 43. Kf2 Nd7 44. e5 Nc5 45. Kf3 Kf7 46. Ne4 Nd3 47. Nd6+ Ke7 48. Ke4 Nc1 49. Kxd4 Ne2+ 50. Kd3 Nxg3 51. Nc8+ Kf7 52. Nb6 Kg6 53. Nxa4 Kf5 54. Nc5 Nh5 55. a4 Nxf4+ 56. Kd4 Nd5 57. a5 g5 58. Ne4 Nb4 59. Ng3+ Kf4 60. Nh5+ Kf5 61. Kc5 Na6+ 62. Kd6 Nb4 63. Ng7+ Kg6 64. Nxe6 Na6 65. Nc7 Nb8 66. e6 1-0

[Event "Kragero op"]
[Site "Kragero"]
[Date "2023.02.25"]
[Round "7"]
[White "Mierins, Emils Janis"]
[Black "Adamovics, Aleksejs"]
[Result "1/2-1/2"]
[WhiteElo "2147"]
[BlackElo "2033"]
[PlyCount "39"]
[EventDate "2023.02.22"]
[EventType "swiss"]
[EventRounds "9"]
[EventCountry "NOR"]
[SourceTitle "CBM 212 Extra"]
[Source "ChessBase"]
[SourceDate "2023.03.31"]
[SourceVersion "1"]
[SourceVersionDate "2023.03.31"]
[SourceQuality "1"]

1. e4 c5 2. Nf3 Nc6 3. d4 cxd4 4. Nxd4 g6 5. c4 Nf6 6. Nc3 d6 7. f3 Nxd4 8. Qxd4 Bg7 9. Be3 0-0 10. Qd2 Be6 11. Be2 Rc8 12. Nd5 Nxd5 13. cxd5 Bd7 14. 0-0 a6 15. Rac1 b5 16. Bd4 Rxc1 17. Rxc1 Bxd4+ 18. Qxd4 Qb8 19. Kf2 Rc8 20. Rxc8+ 1/2-1/2

[Event "Kragero op"]
[Site "Kragero"]
[Date "2023.02.23"]
[Round "4"]
[White "Adamovics, Aleksejs"]
[Black "Bazilius, Augustinas"]
[Result "1/2-1/2"]
[WhiteElo "2033"]
[BlackElo "2205"]
[PlyCount "47"]
[EventDate "2023.02.22"]
[EventType "swiss"]
[EventRounds "9"]
[EventCountry "NOR"]
[SourceTitle "CBM 212 Extra"]
[Source "ChessBase"]
[SourceDate "2023.03.31"]
[SourceVersion "1"]
[SourceVersionDate "2023.03.31"]
[SourceQuality "1"]

1. d4 Nf6 2. Nf3 c5 3. c4 cxd4 4. Nxd4 e5 5. Nf3 Nc6 6. e3 d5 7. Be2 Be7 8. 0-0 0-0 9. cxd5 Nxd5 10. a3 Nb6 11. Nc3 Qxd1 12. Rxd1 Be6 13. e4 Bb3 14. Re1 Rfd8 15. Be3 Nd4 16. Bd1 Bxd1 17. Raxd1 Nxf3+ 18. gxf3 Rxd1 19. Rxd1 Rd8 20. Bxb6 Rxd1+ 21. Nxd1 axb6 22. b4 Bg5 23. Ne3 Bxe3 24. fxe3 1/2-1/2

[Event "Riga Tech Rapid op"]
[Site "Riga"]
[Date "2022.08.14"]
[Round "2"]
[White "Juknis, Paulius"]
[Black "Adamovics, Aleksejs"]
[Result "1/2-1/2"]
[WhiteElo "2167"]
[BlackElo "1869"]
[PlyCount "118"]
[EventDate "2022.08.14"]
[EventType "swiss (rapid)"]
[EventRounds "9"]
[EventCountry "LAT"]
[SourceTitle "CBM 209 Extra"]
[Source "ChessBase"]
[SourceDate "2022.09.30"]
[SourceVersion "1"]
[SourceVersionDate "2022.09.30"]
[SourceQuality "1"]

1. e4 c5 2. Nc3 e6 3. f4 Nc6 4. Nf3 d5 5. Bb5 Nf6 6. Bxc6+ bxc6 7. e5 Nd7 8. d3 Be7 9. 0-0 0-0 10. Ne2 Ba6 11. g4 Qc7 12. Rf2 c4 13. d4 c5 14. Be3 cxd4 15. Bxd4 Nc5 16. Ng3 Ne4 17. Nxe4 dxe4 18. Nd2 Bb7 19. Qe2 Rfd8 20. c3 Bc5 21. Qe3 Bxd4 22. cxd4 Qb6 23. Nxc4 Qxd4 24. Qxd4 Rxd4 25. Nd6 Bd5 26. Re2 e3 27. Rf1 Bxa2 28. Rxe3 Bd5 29. h3 Rb4 30. Rf2 h6 31. f5 Rab8 32. Ree2 Rb3 33. Kh2 R8b6 34. Nc8 Rb7 35. f6 gxf6 36. exf6 Kh7 37. Ne7 Rc7 38. Nxd5 exd5 39. Re7 Rxe7 40. fxe7 Re3 41. Rxf7+ Kg6 42. e8Q Rxe8 43. Rxa7 Re2+ 44. Kg3 Rxb2 45. Rd7 Rb3+ 46. Kf4 Rxh3 47. Rd6+ Kg7 48. Rxd5 Ra3 49. Rd7+ Kg6 50. Rd6+ Kg7 51. Re6 Ra4+ 52. Kf5 Ra5+ 53. Kf4 Ra4+ 54. Kg3 Ra5 55. Kh4 Rb5 56. Rc6 Ra5 57. Rc7+ Kg6 58. Rc6+ Kg7 59. Rc7+ Kf8 1/2-1/2

[Event "Riga Tech Rapid op"]
[Site "Riga"]
[Date "2022.08.14"]
[Round "4"]
[White "Sarkar, Justin"]
[Black "Adamovics, Aleksejs"]
[Result "1-0"]
[WhiteElo "2352"]
[BlackElo "1869"]
[PlyCount "113"]
[EventDate "2022.08.14"]
[EventType "swiss (rapid)"]
[EventRounds "9"]
[EventCountry "LAT"]
[SourceTitle "CBM 209 Extra"]
[Source "ChessBase"]
[SourceDate "2022.09.30"]
[SourceVersion "1"]
[SourceVersionDate "2022.09.30"]
[SourceQuality "1"]

1. e4 c5 2. Nf3 Nc6 3. d4 cxd4 4. Nxd4 g6 5. c4 Nf6 6. Nc3 d6 7. Be2 Nxd4 8. Qxd4 Bg7 9. Bg5 0-0 10. Qd2 a5 11. 0-0 a4 12. Rab1 Bd7 13. f3 Qa5 14. Rfd1 Rfc8 15. Bxf6 Bxf6 16. Nd5 Qxd2 17. Rxd2 Rc6 18. e5 Bg5 19. f4 e6 20. fxg5 exd5 21. Rxd5 Bf5 22. Rbd1 dxe5 23. Rxe5 Be6 24. Rd4 Rac8 25. Rb5 Bxc4 26. Bxc4 Rxc4 27. Rxc4 Rxc4 28. Rxb7 Rc1+ 29. Kf2 Rc2+ 30. Kf3 a3 31. bxa3 Rxa2 32. Rb3 Kg7 33. h4 h6 34. g3 hxg5 35. hxg5 Kf8 36. Ke4 Ke7 37. Kd5 Rd2+ 38. Kc5 Ke6 39. a4 Ra2 40. Kb5 Kf5 41. a5 Kxg5 42. Rb4 f5 43. a6 Kf6 44. Ra4 Rb2+ 45. Kc6 Rc2+ 46. Kd7 Rd2+ 47. Kc7 Rc2+ 48. Kb6 Rb2+ 49. Ka5 Rb8 50. a7 Re8 51. Kb6 g5 52. a8Q Rxa8 53. Rxa8 f4 54. Rf8+ Ke5 55. g4 Ke4 56. Rf5 f3 57. Rxg5 1-0

[Event "Riga Tech Rapid op"]
[Site "Riga"]
[Date "2022.08.14"]
[Round "8"]
[White "Shahinyan, Vladimir"]
[Black "Adamovics, Aleksejs"]
[Result "1-0"]
[WhiteElo "1886"]
[BlackElo "1869"]
[PlyCount "83"]
[EventDate "2022.08.14"]
[EventType "swiss (rapid)"]
[EventRounds "9"]
[EventCountry "LAT"]
[SourceTitle "CBM 209 Extra"]
[Source "ChessBase"]
[SourceDate "2022.09.30"]
[SourceVersion "1"]
[SourceVersionDate "2022.09.30"]
[SourceQuality "1"]

1. e4 c5 2. Nc3 e6 3. f4 Nc6 4. Nf3 Nge7 5. Bb5 a6 6. Bxc6 Nxc6 7. d3 Be7 8. 0-0 0-0 9. e5 d5 10. exd6 Bxd6 11. Ne4 Be7 12. Bd2 b6 13. Bc3 Bb7 14. Qe1 Qd7 15. Ne5 Nxe5 16. fxe5 Bxe4 17. Qxe4 Qd5 18. Qg4 b5 19. b3 Rac8 20. Rad1 g6 21. Rf4 h5 22. Qe2 Bg5 23. Rf3 Bh6 24. Rdf1 Bg7 25. Bb2 Rc7 26. c4 Qc6 27. Bc1 Rd7 28. Bg5 Qc7 29. Bf6 bxc4 30. dxc4 Bxf6 31. exf6 Rfd8 32. Rg3 Qd6 33. Rg5 Qd2 34. Qxh5 Qe3+ 35. Kh1 Qd4 36. h3 Qd6 37. Rxg6+ fxg6 38. Qxg6+ Kh8 39. f7 e5 40. Rf6 Qd1+ 41. Kh2 Rxf7 42. Qh6+ 1-0

[Event "Baltija Cup 18th"]
[Site "Palanga"]
[Date "2022.06.22"]
[Round "5"]
[White "Bagdanskis, Dangis"]
[Black "Adamovics, Aleksejs"]
[Result "1-0"]
[WhiteElo "2034"]
[BlackElo "1922"]
[PlyCount "159"]
[EventDate "2022.06.20"]
[EventType "swiss"]
[EventRounds "7"]
[EventCountry "LTU"]
[SourceTitle "CBM 209 Extra"]
[Source "ChessBase"]
[SourceDate "2022.09.30"]
[SourceVersion "1"]
[SourceVersionDate "2022.09.30"]
[SourceQuality "1"]

1. d4 Nf6 2. Nf3 g6 3. g3 Bg7 4. Bg2 0-0 5. 0-0 d6 6. c4 Nbd7 7. Nc3 e5 8. e3 c6 9. Qc2 Qc7 10. b3 Rd8 11. Bb2 Nf8 12. Rad1 Bg4 13. h3 Bxf3 14. Bxf3 Rac8 15. Bg2 Ne6 16. d5 Nc5 17. a3 cxd5 18. Nxd5 Nxd5 19. Rxd5 Qb6 20. b4 Ne6 21. Qe2 Qc7 22. Rc1 Qe7 23. Rd2 Rc7 24. Rcd1 Rcc8 25. Bd5 Qc7 26. Qg4 h5 27. Qe4 Ng5 28. Qg2 b6 29. h4 Nh7 30. Bb7 Rb8 31. Bc6 Nf6 32. a4 Bf8 33. Qf3 Be7 34. b5 Nd7 35. Ba3 Nc5 36. a5 Nb3 37. axb6 Qxb6 38. Rd3 Nc5 39. Rd5 e4 40. Bxc5 exf3 41. Bxb6 axb6 42. Ra1 Bf6 43. Ra7 Bc3 44. Rd3 Be5 45. Bd5 Rf8 46. e4 Kg7 47. Rxf3 Bf6 48. Rfa3 Rbe8 49. Rb7 Rb8 50. Rd7 Rbd8 51. Rda7 Rde8 52. Kg2 Bd4 53. Rd7 Rd8 54. Rda7 Rde8 55. Bc6 Rd8 56. Rd3 Bf6 57. Rb7 Rb8 58. Rxd6 Rfd8 59. Rxb8 Rxb8 60. Rd7 Rd8 61. Rb7 Bd4 62. Bd5 Rf8 63. f4 Bc5 64. e5 Kg8 65. Kf3 Kg7 66. Rd7 Kg8 67. g4 hxg4+ 68. Kxg4 Kg7 69. Kg5 Be3 70. Kg4 Bc5 71. f5 gxf5+ 72. Kxf5 Bb4 73. h5 Bc5 74. Rc7 Bb4 75. e6 Kh6 76. e7 Rh8 77. Bxf7 Bd6 78. Rd7 Re8 79. Bxe8 Bxe7 80. Bg6 1-0

[Event "Baltija Cup 18th"]
[Site "Palanga"]
[Date "2022.06.20"]
[Round "2"]
[White "Adamovics, Aleksejs"]
[Black "Salna, Aleksandras"]
[Result "1/2-1/2"]
[WhiteElo "1922"]
[BlackElo "2199"]
[PlyCount "125"]
[EventDate "2022.06.20"]
[EventType "swiss"]
[EventRounds "7"]
[EventCountry "LTU"]
[SourceTitle "CBM 209 Extra"]
[Source "ChessBase"]
[SourceDate "2022.09.30"]
[SourceVersion "1"]
[SourceVersionDate "2022.09.30"]
[SourceQuality "1"]

1. d4 d5 2. c4 c6 3. cxd5 cxd5 4. Nc3 Nf6 5. Bf4 Nc6 6. e3 a6 7. Bd3 Bg4 8. Nge2 e6 9. 0-0 Bd6 10. f3 Bh5 11. Rc1 Bg6 12. a3 Bxd3 13. Qxd3 Bxf4 14. Nxf4 0-0 15. b4 Ne8 16. Rfd1 Nd6 17. e4 dxe4 18. Nxe4 Nxe4 19. Qxe4 Re8 20. g3 Qb6 21. Rc5 Rad8 22. Kg2 Ne7 23. Re1 Ng6 24. Nxg6 hxg6 25. Rec1 Re7 26. Rc8 Red7 27. R1c5 Qa7 28. Qf4 Qb6 29. R5c7 Rxc8 30. Rxc8+ Rd8 31. Qb8 Rxc8 32. Qxc8+ Kh7 33. Qd7 f6 34. d5 exd5 35. Qh3+ Kg8 36. Qc8+ Kf7 37. Qd7+ Kf8 38. Qxd5 Qc7 39. Qd3 Qe7 40. g4 g5 41. Qc4 Qd7 42. Qc3 Ke7 43. Qc5+ Qd6 44. Qe3+ Kd7 45. Qe4 Qd2+ 46. Kg1 Qc1+ 47. Kg2 Qc7 48. Qd5+ Ke7 49. Qe4+ Kf7 50. Qd5+ Kf8 51. Qd3 b5 52. Qd5 Qb6 53. Qe4 Qd6 54. Qa8+ Kf7 55. Qe4 Qe6 56. Qd3 Ke7 57. h3 Kf7 58. Kf2 Qe5 59. Qd7+ Kg6 60. Qd3+ Kf7 61. Qd7+ Kg8 62. Qc8+ Kh7 63. Qxa6 1/2-1/2

[Event "Riga Tech Rapid op"]
[Site "Riga"]
[Date "2021.08.08"]
[Round "5"]
[White "Drill, Frank J"]
[Black "Adamovics, Aleksejs"]
[Result "1/2-1/2"]
[WhiteElo "2059"]
[BlackElo "1390"]
[PlyCount "145"]
[EventDate "2021.08.08"]
[EventType "swiss (rapid)"]
[EventRounds "9"]
[EventCountry "LAT"]
[SourceTitle "CBM 203 Extra"]
[Source "ChessBase"]
[SourceDate "2021.09.30"]
[SourceVersion "1"]
[SourceVersionDate "2021.09.30"]
[SourceQuality "1"]

1. e4 c5 2. Nf3 Nc6 3. d4 cxd4 4. Nxd4 g6 5. c4 Bg7 6. Nc2 Nf6 7. Nc3 d6 8. Be2 0-0 9. 0-0 Be6 10. Bd2 Rc8 11. f4 Bd7 12. Kh1 Ne8 13. Ne3 Nc7 14. Qe1 Nd4 15. Bd3 Na6 16. f5 Nc5 17. Bb1 Bc6 18. Ned5 Bxd5 19. Nxd5 Be5 20. Bg5 f6 21. Bh6 Rf7 22. fxg6 hxg6 23. Qh4 Rh7 24. Ne3 Qe8 25. b4 Nce6 26. Bd3 g5 27. Qh3 Nf4 28. Rxf4 Bxf4 29. e5 Rh8 30. exf6 Bxe3 31. Qxe3 Qh5 32. f7+ Kxf7 33. Rf1+ Ke8 34. Qxd4 Qxh6 35. h3 Rf8 36. Re1 b6 37. c5 Qf6 38. Bb5+ Kd8 39. Qd5 bxc5 40. Rf1 Qxf1+ 41. Bxf1 Rxf1+ 42. Kh2 Rf6 43. bxc5 Rxc5 44. Qa8+ Kd7 45. Qxa7+ Ke6 46. Qb7 Rff5 47. Qe4+ Kf6 48. a4 Ra5 49. Qd4+ Kg6 50. Qe4 Kf7 51. g4 Rf4 52. Qh7+ Ke6 53. Kg3 Rfxa4 54. Qg8+ Kd7 55. Qb8 Ra3+ 56. Kf2 Ra2+ 57. Ke3 R2a4 58. Qb7+ Ke8 59. Kd3 Rc5 60. Qb8+ Kf7 61. Qh8 Rf4 62. Qh7+ Ke6 63. Kd2 Re5 64. Kd3 Kd5 65. Qg8+ Kc6 66. Qa8+ Kc7 67. Qa7+ Kd8 68. Qa8+ Kd7 69. Qb7+ Ke8 70. Qc8+ Kf7 71. Qh8 Rf6 72. Kd4 Rf4+ 73. Kd3 1/2-1/2

[Event "Panevezys op-B"]
[Site "Panevezys"]
[Date "2021.07.30"]
[Round "1"]
[White "Adamovics, Aleksejs"]
[Black "Pidluznij, Gleb"]
[Result "1/2-1/2"]
[WhiteElo "1390"]
[BlackElo "2017"]
[PlyCount "136"]
[EventDate "2021.07.30"]
[EventType "swiss"]
[EventRounds "7"]
[EventCountry "LTU"]
[SourceTitle "EXT 2022"]
[Source "ChessBase"]
[SourceDate "2021.10.06"]
[SourceVersion "1"]
[SourceVersionDate "2021.10.06"]
[SourceQuality "1"]

1. d4 Nf6 2. c4 c5 3. d5 b5 4. cxb5 a6 5. bxa6 g6 6. Nc3 Bg7 7. Nf3 0-0 8. g3 Qa5 9. Bd2 d6 10. Bg2 Bxa6 11. 0-0 Nbd7 12. Qc2 Rfb8 13. b3 Ne8 14. Rac1 Nc7 15. Rfe1 Qa3 16. Nb1 Qb2 17. Nc3 Qxc2 18. Rxc2 Nb6 19. Ng5 Bxc3 20. Bxc3 Ncxd5 21. Bxd5 Nxd5 22. e4 Bd3 23. Rcc1 Nb4 24. Bxb4 Rxb4 25. Rc3 Bb5 26. a4 Bc6 27. e5 h6 28. Nf3 Bd5 29. exd6 exd6 30. Nd2 Be6 31. Re4 Rb7 32. Ree3 Kf8 33. Kg2 Ke7 34. Red3 Rb4 35. Re3 Rab8 36. Red3 g5 37. h3 h5 38. Re3 g4 39. hxg4 hxg4 40. f3 gxf3+ 41. Kxf3 Kd7 42. Kf2 Kc6 43. Kg2 Rh8 44. Nf3 Bd5 45. Kf2 Rh1 46. Red3 Be4 47. Re3 f5 48. Kg2 Rb1 49. Kf2 d5 50. Nd2 Rb2 51. Re2 Ra2 52. Rxc5+ Kxc5 53. Nxe4+ fxe4 54. Rxa2 Rxb3 55. a5 Rb7 56. Ke3 Rb3+ 57. Kf4 Rf3+ 58. Kg4 Rf7 59. a6 Kb6 60. Rd2 Kc5 61. Ra2 Kb6 62. Rd2 Rd7 63. Ra2 d4 64. Kf4 d3 65. Ke3 Ka7 66. g4 Rg7 67. Kxe4 Rxg4+ 68. Kxd3 Rg6 1/2-1/2